00396nam a2200121Ia 4500008004100000100001800041245002900059245004400088260000900132856004100141999001900182952007300201160531s9999 xx 000 0 und d aFunchal, R.Z. 4aThe Physics of Neutrinos cby R.Z. Funchal, B. Schmauch, G. Giesen c2013 uhttp://arxiv.org/pdf/1308.1029v1.pdf c295245d295245 001040aCLbCLd2016-05-31l0r2016-05-31 00:00:00w2016-05-31yCBE